[Event "Winnipeg TNT October op"]
[Site "Winnipeg CAN"]
[Date "2013.10.10"]
[Round "2.5"]
[White "Platt, Alex"]
[Black "Green, Aaron"]
[Result "1/2-1/2"]
[WhiteElo "1942"]
[BlackElo "2059"]
[PlyCount "66"]
[GameId "2160767909229394"]
[EventDate "2013.10.01"]
[EventType "swiss"]
[EventRounds "5"]
[EventCountry "CAN"]
[SourceTitle "EXT 2022"]
[Source "ChessBase"]
[SourceDate "2021.10.06"]
[SourceVersion "1"]
[SourceVersionDate "2021.10.06"]
[SourceQuality "1"]

1. e4 c5 2. Nf3 d6 3. d4 cxd4 4. Nxd4 Nf6 5. Nc3 g6 6. Be3 Bg7 7. Bc4 Nc6 8. f3 O-O 9. Qd2 Bd7 10. O-O-O Rb8 11. Nxc6 bxc6 12. Bxa7 Rb4 13. Bb3 Qa5 14. Be3 Be6 15. Bh6 Bxh6 16. Qxh6 Bxb3 17. cxb3 c5 18. Qd2 c4 19. a3 Rxb3 20. Nd5 c3 21. Nxc3 Rc8 22. Kc2 Qa4 23. Kd3 Qa6+ 24. Kc2 Qb5 25. Rb1 Nd7 26. Qd3 Qb6 27. Rhd1 Ne5 28. Qd4 Qb8 29. Qa4 Nc4 30. Qxb3 Ne3+ 31. Kd3 Qxb3 32. Kxe3 Qc2 33. Ne2 Qb3+ 1/2-1/2

[Event "Winnipeg TNT October op"]
[Site "Winnipeg CAN"]
[Date "2013.10.10"]
[Round "2.5"]
[White "Reimer, Bruce"]
[Black "Wolchock, Theo"]
[Result "1/2-1/2"]
[WhiteElo "1546"]
[BlackElo "1731"]
[PlyCount "73"]
[GameId "2160767909229395"]
[EventDate "2013.10.01"]
[EventType "swiss"]
[EventRounds "5"]
[EventCountry "CAN"]
[SourceTitle "EXT 2022"]
[Source "ChessBase"]
[SourceDate "2021.10.06"]
[SourceVersion "1"]
[SourceVersionDate "2021.10.06"]
[SourceQuality "1"]

1. c4 c5 2. g3 g6 3. Bg2 Bg7 4. Nc3 Nc6 5. e4 e6 6. d3 Nge7 7. Nge2 O-O 8. O-O Nd4 9. Be3 Nec6 10. a3 Nxe2+ 11. Qxe2 Nd4 12. Qd1 d6 13. f4 Bd7 14. Rb1 a5 15. Ne2 Nxe2+ 16. Qxe2 Rb8 17. e5 Qc7 18. Qf2 Rbc8 19. exd6 Qxd6 20. Bxb7 Rc7 21. Be4 Rd8 22. Rfd1 Ba4 23. b3 Be8 24. f5 exf5 25. Bd5 Bd4 26. Bxd4 cxd4 27. Qxd4 Bc6 28. b4 axb4 29. axb4 Bxd5 30. cxd5 Qxd5 31. Qxd5 Rxd5 32. d4 Rcd7 33. b5 Rb7 34. b6 Rd6 35. Kf2 Rbxb6 36. Rxb6 Rxb6 37. Ke3 1/2-1/2

[Event "Winnipeg TNT October op"]
[Site "Winnipeg CAN"]
[Date "2013.10.10"]
[Round "2.5"]
[White "Somani, Sagar"]
[Black "De Groot, Steven"]
[Result "1/2-1/2"]
[WhiteElo "1868"]
[BlackElo "1959"]
[PlyCount "57"]
[GameId "2160767909229396"]
[EventDate "2013.10.01"]
[EventType "swiss"]
[EventRounds "5"]
[EventCountry "CAN"]
[SourceTitle "EXT 2022"]
[Source "ChessBase"]
[SourceDate "2021.10.06"]
[SourceVersion "1"]
[SourceVersionDate "2021.10.06"]
[SourceQuality "1"]

1. e4 c5 2. Nf3 d6 3. d4 cxd4 4. Nxd4 Nf6 5. f3 a6 6. Nc3 e5 7. Nb3 Be6 8. Bg5 Nbd7 9. Qd2 Be7 10. Bd3 d5 11. exd5 Nxd5 12. Bxe7 Nxe7 13. Ne4 Qb6 14. Qf2 Qxf2+ 15. Kxf2 O-O 16. Nbc5 Nxc5 17. Nxc5 Bf5 18. Rhe1 Bxd3 19. Nxd3 f6 20. Rad1 Rac8 21. c3 Ng6 22. Nb4 Rfd8 23. Nd5 Kf7 24. Nb6 Rxd1 25. Rxd1 Rc7 26. g3 Ke6 27. Nd5 Rd7 28. Ne3 Rxd1 29. Nxd1 1/2-1/2

[Event "Winnipeg TNT October op"]
[Site "Winnipeg CAN"]
[Date "2013.10.10"]
[Round "2.5"]
[White "Swift, Ryne"]
[Black "Clark, Jeff"]
[Result "0-1"]
[WhiteElo "2017"]
[BlackElo "1793"]
[PlyCount "54"]
[GameId "2160767909229397"]
[EventDate "2013.10.01"]
[EventType "swiss"]
[EventRounds "5"]
[EventCountry "CAN"]
[SourceTitle "EXT 2022"]
[Source "ChessBase"]
[SourceDate "2021.10.06"]
[SourceVersion "1"]
[SourceVersionDate "2021.10.06"]
[SourceQuality "1"]

1. e4 c5 2. Nf3 d6 3. d4 cxd4 4. Nxd4 Nf6 5. Nc3 a6 6. f3 e6 7. Be3 Be7 8. Qd2 Qc7 9. O-O-O O-O 10. g4 b5 11. Rg1 Nfd7 12. g5 Nb6 13. f4 N8d7 14. f5 b4 15. Nb1 exf5 16. Nxf5 Nc5 17. Qd4 Bxf5 18. exf5 Rfc8 19. Rg2 b3 20. a3 bxc2 21. Kxc2 Ne6+ 22. Qc3 Qb7 23. fxe6 Na4 24. exf7+ Kf8 25. Qxc8+ Rxc8+ 26. Kd2 Nxb2 27. Nc3 Rxc3 0-1

[Event "Winnipeg TNT October op"]
[Site "Winnipeg CAN"]
[Date "2013.10.15"]
[Round "3"]
[White "Babb, Jeff"]
[Black "Lipnowski, Samuel"]
[Result "0-1"]
[WhiteElo "2166"]
[BlackElo "2223"]
[PlyCount "104"]
[GameId "2160767909229398"]
[EventDate "2013.10.01"]
[EventType "swiss"]
[EventRounds "5"]
[EventCountry "CAN"]
[SourceTitle "EXT 2022"]
[Source "ChessBase"]
[SourceDate "2021.10.06"]
[SourceVersion "1"]
[SourceVersionDate "2021.10.06"]
[SourceQuality "1"]

1. e4 c5 2. Nc3 Nc6 3. g3 g6 4. Bg2 Bg7 5. d3 d6 6. Be3 Rb8 7. Qd2 b5 8. Nf3 h5 9. O-O Bd7 10. h3 Qc8 11. Kh2 Nd4 12. Nh4 Nf6 13. f4 b4 14. Nd1 O-O 15. c3 bxc3 16. bxc3 Nc6 17. d4 cxd4 18. cxd4 Nb4 19. Nc3 Qa6 20. a3 Nc6 21. e5 Ne8 22. Rfc1 e6 23. Bf1 Qa5 24. Qa2 Ne7 25. Bd2 Qd8 26. Rab1 Bc6 27. Rxb8 Qxb8 28. Rb1 Qd8 29. Bg2 Bxg2 30. Nxg2 dxe5 31. dxe5 Qd3 32. Be1 Nf5 33. Qe2 Qd8 34. Ne4 Nc7 35. Bb4 Re8 36. Nd6 Nxd6 37. Bxd6 Bf8 38. Bxf8 Rxf8 39. Rb7 a6 40. Qc4 Nb5 41. a4 Nd4 42. Ne1 Nf5 43. Qd3 Qa5 44. Nf3 Qxa4 45. Ra7 a5 46. h4 Rb8 47. Nd2 Qa2 48. Kh3 Qa1 49. Kg2 Qe1 50. Rd7 Kg7 51. Kf3 Qxg3+ 52. Ke2 Qxf4 0-1

[Event "Winnipeg TNT October op"]
[Site "Winnipeg CAN"]
[Date "2013.10.15"]
[Round "3"]
[White "Clark, Jeff"]
[Black "Platt, Alex"]
[Result "1-0"]
[WhiteElo "1793"]
[BlackElo "1942"]
[PlyCount "117"]
[GameId "2160767909229399"]
[EventDate "2013.10.01"]
[EventType "swiss"]
[EventRounds "5"]
[EventCountry "CAN"]
[SourceTitle "EXT 2022"]
[Source "ChessBase"]
[SourceDate "2021.10.06"]
[SourceVersion "1"]
[SourceVersionDate "2021.10.06"]
[SourceQuality "1"]

1. Nf3 d5 2. d4 Nf6 3. c4 c6 4. cxd5 cxd5 5. Nc3 e6 6. g3 Bd6 7. Bg2 O-O 8. O-O Nc6 9. Bg5 h6 10. Bxf6 Qxf6 11. Rc1 Rd8 12. e3 Bd7 13. Nb5 Bf8 14. Nc3 Rac8 15. Qe2 Be8 16. Nd2 Qe7 17. f4 f5 18. Nf3 Qb4 19. Rc2 Bh5 20. Rfc1 Na5 21. Qb5 Bxf3 22. Qxb4 Bxb4 23. Bxf3 Nc4 24. Nb1 Nd6 25. Rxc8 Rxc8 26. Rxc8+ Nxc8 27. Kf1 Nd6 28. Ke2 Ne4 29. Bxe4 fxe4 30. a3 Be7 31. Nc3 Kf7 32. f5 h5 33. fxe6+ Kxe6 34. Nb5 Bd6 35. Nxa7 h4 36. Kf2 Kf5 37. Nb5 hxg3+ 38. hxg3 Bb8 39. Nc3 Kg4 40. Nxd5 Bxg3+ 41. Kg2 Be1 42. Nc3 Kf5 43. a4 Bd2 44. Kf2 g5 45. Ke2 Bc1 46. b4 g4 47. a5 g3 48. Nd1 Ba3 49. b5 Bd6 50. a6 bxa6 51. bxa6 Bb8 52. Nc3 Kg4 53. Kf1 Kf3 54. d5 g2+ 55. Kg1 Bh2+ 56. Kxh2 Kf2 57. Nxe4+ Kf1 58. Ng3+ Kf2 59. Ne2 1-0

[Event "Winnipeg TNT October op"]
[Site "Winnipeg CAN"]
[Date "2013.10.15"]
[Round "3"]
[White "Green, Aaron"]
[Black "Kernetsky, Myron"]
[Result "1/2-1/2"]
[WhiteElo "2059"]
[BlackElo "2069"]
[PlyCount "29"]
[GameId "2160767909229400"]
[EventDate "2013.10.01"]
[EventType "swiss"]
[EventRounds "5"]
[EventCountry "CAN"]
[SourceTitle "EXT 2022"]
[Source "ChessBase"]
[SourceDate "2021.10.06"]
[SourceVersion "1"]
[SourceVersionDate "2021.10.06"]
[SourceQuality "1"]

1. e4 e6 2. d4 d5 3. exd5 exd5 4. Nf3 Bd6 5. Bd3 Ne7 6. O-O Nbc6 7. c3 Bf5 8. Re1 O-O 9. Qc2 Bg6 10. Nbd2 Re8 11. Nf1 Nb8 12. Ng3 Nd7 13. Bxg6 hxg6 14. Bd2 c6 15. a3 1/2-1/2

[Event "Winnipeg TNT October op"]
[Site "Winnipeg CAN"]
[Date "2013.10.15"]
[Round "3"]
[White "Magyar, Peter"]
[Black "Somani, Sagar"]
[Result "0-1"]
[WhiteElo "1590"]
[BlackElo "1868"]
[PlyCount "42"]
[GameId "2160767909229401"]
[EventDate "2013.10.01"]
[EventType "swiss"]
[EventRounds "5"]
[EventCountry "CAN"]
[SourceTitle "EXT 2022"]
[Source "ChessBase"]
[SourceDate "2021.10.06"]
[SourceVersion "1"]
[SourceVersionDate "2021.10.06"]
[SourceQuality "1"]

1. Nf3 d5 2. d3 c5 3. g3 Nc6 4. Bg2 h6 5. O-O Nf6 6. b3 Bg4 7. Bb2 e6 8. Ne5 Nxe5 9. Bxe5 Bd6 10. Bxd6 Qxd6 11. Nd2 O-O 12. Nf3 Rac8 13. d4 cxd4 14. Nxd4 Qc5 15. a3 a6 16. Qd3 e5 17. b4 Qxd4 18. Rad1 Qxd3 19. Rxd3 Bxe2 20. Re1 Bxd3 21. Rxe5 Rxc2 0-1

[Event "Winnipeg TNT October op"]
[Site "Winnipeg CAN"]
[Date "2013.10.15"]
[Round "3"]
[White "Rutter, Blair"]
[Black "Boron, Anthony"]
[Result "0-1"]
[WhiteElo "1914"]
[BlackElo "1950"]
[PlyCount "94"]
[GameId "2160767909229402"]
[EventDate "2013.10.01"]
[EventType "swiss"]
[EventRounds "5"]
[EventCountry "CAN"]
[SourceTitle "EXT 2022"]
[Source "ChessBase"]
[SourceDate "2021.10.06"]
[SourceVersion "1"]
[SourceVersionDate "2021.10.06"]
[SourceQuality "1"]

1. c4 c5 2. g3 g6 3. Bg2 Bg7 4. Nc3 Nc6 5. e4 e6 6. Nge2 Nge7 7. O-O O-O 8. h3 b6 9. d3 d6 10. Be3 Bb7 11. Qd2 Nd4 12. f4 Qd7 13. Kh2 f5 14. Rae1 Rad8 15. Rf2 a6 16. b3 Bc6 17. Ng1 b5 18. Nf3 b4 19. Ne2 Nxe2 20. Qxe2 fxe4 21. Ng5 exd3 22. Bxc6 Nxc6 23. Qxd3 h6 24. Ne4 Nd4 25. Nd2 Qf7 26. Bxd4 Bxd4 27. Rf3 a5 28. Re2 Rfe8 29. Ne4 d5 30. cxd5 exd5 31. Nf2 Rxe2 32. Qxe2 Re8 33. Qd3 Qf5 34. Qb5 Qe6 35. Kg2 Bxf2 36. Rxf2 Qe4+ 37. Kh2 c4 38. bxc4 dxc4 39. Qxa5 Qd4 40. Rg2 c3 41. Qa4 Qe4 42. Qb3+ Kg7 43. a4 Rc8 44. Rc2 Qc4 45. Qb1 b3 46. Rg2 c2 47. Qc1 Qc3 0-1

[Event "Winnipeg TNT October op"]
[Site "Winnipeg CAN"]
[Date "2013.10.15"]
[Round "3"]
[White "Wasserman, Arie"]
[Black "Reimer, Bruce"]
[Result "0-1"]
[WhiteElo "1690"]
[BlackElo "1546"]
[PlyCount "82"]
[GameId "2160767909229403"]
[EventDate "2013.10.01"]
[EventType "swiss"]
[EventRounds "5"]
[EventCountry "CAN"]
[SourceTitle "EXT 2022"]
[Source "ChessBase"]
[SourceDate "2021.10.06"]
[SourceVersion "1"]
[SourceVersionDate "2021.10.06"]
[SourceQuality "1"]

1. e4 g6 2. Nf3 Bg7 3. d4 d6 4. Bf4 a6 5. Nc3 Nd7 6. Bc4 e6 7. O-O b5 8. Be2 Bb7 9. d5 Ngf6 10. Qd2 b4 11. dxe6 fxe6 12. Na4 Bxe4 13. Ng5 Qe7 14. f3 Bc6 15. Qxb4 O-O 16. Qc4 Bb5 17. Qb3 Bxe2 18. Rfe1 Nd5 19. Bd2 Bh6 20. Rxe2 Bxg5 21. Qxd5 exd5 22. Rxe7 Bxe7 23. Nc3 Nb6 24. Re1 Bf6 25. b3 Bxc3 26. Bxc3 Rae8 27. Rd1 Re2 28. Rc1 Rfe8 29. a4 c5 30. Ba5 Nd7 31. Kf1 Nb8 32. Bc7 R2e6 33. Rd1 d4 34. Rd2 Nc6 35. Kf2 R8e7 36. Bb6 Rb7 37. a5 Ne7 38. g4 Nd5 39. Bd8 Rb8 40. c4 Rxd8 41. cxd5 Re5 0-1

[Event "Winnipeg TNT October op"]
[Site "Winnipeg CAN"]
[Date "2013.10.15"]
[Round "3"]
[White "Wasserman, Leor"]
[Black "Leaden, Bruce"]
[Result "1-0"]
[WhiteElo "1943"]
[BlackElo "1694"]
[PlyCount "69"]
[GameId "2160767909229404"]
[EventDate "2013.10.01"]
[EventType "swiss"]
[EventRounds "5"]
[EventCountry "CAN"]
[SourceTitle "EXT 2022"]
[Source "ChessBase"]
[SourceDate "2021.10.06"]
[SourceVersion "1"]
[SourceVersionDate "2021.10.06"]
[SourceQuality "1"]

1. e4 e6 2. c4 d5 3. exd5 exd5 4. d4 Nf6 5. Bd3 Nc6 6. Ne2 dxc4 7. Bxc4 Be7 8. O-O O-O 9. Nbc3 Re8 10. h3 Bf8 11. Bg5 h6 12. Bh4 a6 13. Qb3 Be6 14. Bxe6 Rxe6 15. d5 Na5 16. Qa4 Rxe2 17. Bxf6 Qxf6 18. Nxe2 Qxb2 19. Qxa5 Qxe2 20. Qxc7 Qe7 21. Qb6 Rd8 22. Rfe1 Qd7 23. Red1 Bd6 24. a4 Bc7 25. Qd4 Qd6 26. g3 Bb6 27. Qf4 Qd7 28. Rab1 Bc7 29. d6 Bxd6 30. Qf3 Qc6 31. Qxc6 bxc6 32. Rb6 Bc7 33. Rxd8+ Bxd8 34. Rxc6 a5 35. Rc8 1-0

[Event "Winnipeg TNT October op"]
[Site "Winnipeg CAN"]
[Date "2013.10.15"]
[Round "3"]
[White "Wolchock, Theo"]
[Black "Remillard, John"]
[Result "1/2-1/2"]
[WhiteElo "1731"]
[BlackElo "1562"]
[PlyCount "55"]
[GameId "2160767909229405"]
[EventDate "2013.10.01"]
[EventType "swiss"]
[EventRounds "5"]
[EventCountry "CAN"]
[SourceTitle "EXT 2022"]
[Source "ChessBase"]
[SourceDate "2021.10.06"]
[SourceVersion "1"]
[SourceVersionDate "2021.10.06"]
[SourceQuality "1"]

1. c4 g6 2. Nf3 Bg7 3. d4 e6 4. Bg5 Ne7 5. e3 O-O 6. Be2 h6 7. Bf4 g5 8. Bg3 d6 9. Nc3 Ng6 10. h4 g4 11. Nh2 h5 12. d5 f5 13. Qc2 e5 14. O-O-O Qf6 15. f4 exf4 16. Bxf4 Nxf4 17. exf4 Na6 18. g3 Bd7 19. Rhe1 Nc5 20. Nf1 Rae8 21. Bd3 Na4 22. Nxa4 Bxa4 23. b3 Bd7 24. Qd2 Rxe1 25. Rxe1 Re8 26. Rxe8+ Bxe8 27. Qe2 Bd7 28. Qd2 1/2-1/2

[Event "Winnipeg TNT October op"]
[Site "Winnipeg CAN"]
[Date "2013.10.22"]
[Round "4"]
[White "Swift, Ryne"]
[Black "Remillard, John"]
[Result "1-0"]
[WhiteElo "2017"]
[BlackElo "1562"]
[PlyCount "57"]
[GameId "2160767909229406"]
[EventDate "2013.10.01"]
[EventType "swiss"]
[EventRounds "5"]
[EventCountry "CAN"]
[SourceTitle "EXT 2022"]
[Source "ChessBase"]
[SourceDate "2021.10.06"]
[SourceVersion "1"]
[SourceVersionDate "2021.10.06"]
[SourceQuality "1"]

1. e4 e6 2. d4 d5 3. e5 c5 4. c3 cxd4 5. cxd4 Bb4+ 6. Nc3 Bd7 7. Nf3 Ne7 8. Bd3 Nbc6 9. O-O Bxc3 10. bxc3 Ng6 11. Bd2 Rc8 12. Ng5 Nce7 13. f4 Nf5 14. g4 Nh6 15. f5 exf5 16. gxf5 Nh4 17. e6 O-O 18. exd7 Rxc3 19. f6 Rxd3 20. Qc2 gxf6 21. Qxd3 fxg5 22. Qg3 f6 23. Qd6 Kg7 24. Bxg5 N6f5 25. Qe6 fxg5 26. Rac1 Ne7 27. Rxf8 Qxf8 28. Rc8 Nf3+ 29. Kh1 1-0

[Event "Winnipeg TNT October op"]
[Site "Winnipeg CAN"]
[Date "2013.10.22"]
[Round "4.5"]
[White "Boron, Anthony"]
[Black "Green, Aaron"]
[Result "1/2-1/2"]
[WhiteElo "1950"]
[BlackElo "2059"]
[PlyCount "55"]
[GameId "2160767909229407"]
[EventDate "2013.10.01"]
[EventType "swiss"]
[EventRounds "5"]
[EventCountry "CAN"]
[SourceTitle "EXT 2022"]
[Source "ChessBase"]
[SourceDate "2021.10.06"]
[SourceVersion "1"]
[SourceVersionDate "2021.10.06"]
[SourceQuality "1"]

1. d4 Nf6 2. Bg5 d5 3. Bxf6 gxf6 4. e3 Bf5 5. Bd3 Bg6 6. Ne2 e5 7. c3 c5 8. Bb5+ Nc6 9. Nd2 a6 10. Bxc6+ bxc6 11. Qa4 Qc7 12. b4 c4 13. dxe5 fxe5 14. Rd1 Bd6 15. e4 O-O 16. O-O f5 17. f3 a5 18. b5 Qb6+ 19. Kh1 cxb5 20. Qc2 d4 21. cxd4 exd4 22. Nxc4 bxc4 23. exf5 Rxf5 24. Qxc4+ Bf7 25. Qd3 Bg6 26. Qc4+ Bf7 27. Qd3 Bg6 28. Qc4+ 1/2-1/2

[Event "Winnipeg TNT October op"]
[Site "Winnipeg CAN"]
[Date "2013.10.22"]
[Round "4.5"]
[White "Campbell, Jamie"]
[Black "Wasserman, Arie"]
[Result "1-0"]
[WhiteElo "1704"]
[BlackElo "1690"]
[PlyCount "39"]
[GameId "2160767909229408"]
[EventDate "2013.10.01"]
[EventType "swiss"]
[EventRounds "5"]
[EventCountry "CAN"]
[SourceTitle "EXT 2022"]
[Source "ChessBase"]
[SourceDate "2021.10.06"]
[SourceVersion "1"]
[SourceVersionDate "2021.10.06"]
[SourceQuality "1"]

1. Nf3 Nf6 2. g3 d5 3. c4 Bg4 4. Bg2 e5 5. Nxe5 Bd7 6. cxd5 Bb5 7. Nc3 Bc4 8. Nxc4 Nbd7 9. O-O Bc5 10. d4 Bb4 11. e4 O-O 12. e5 Ne8 13. a3 Bxc3 14. bxc3 b5 15. Na5 c5 16. Nc6 Qb6 17. Ne7+ Kh8 18. d6 Rd8 19. Rb1 f6 20. e6 1-0

[Event "Winnipeg TNT October op"]
[Site "Winnipeg CAN"]
[Date "2013.10.22"]
[Round "4.5"]
[White "Leaden, Bruce"]
[Black "Swift, Ryne"]
[Result "0-1"]
[WhiteElo "1694"]
[BlackElo "2017"]
[PlyCount "60"]
[GameId "2160767909229409"]
[EventDate "2013.10.01"]
[EventType "swiss"]
[EventRounds "5"]
[EventCountry "CAN"]
[SourceTitle "EXT 2022"]
[Source "ChessBase"]
[SourceDate "2021.10.06"]
[SourceVersion "1"]
[SourceVersionDate "2021.10.06"]
[SourceQuality "1"]

1. e4 e5 2. Nf3 Nc6 3. d4 exd4 4. Bc4 Bb4+ 5. c3 dxc3 6. bxc3 Ba5 7. O-O Nge7 8. Qb3 O-O 9. Bg5 d6 10. Nbd2 Bb6 11. Rad1 Bg4 12. h3 Na5 13. Qc2 Bxf3 14. gxf3 Nxc4 15. Nxc4 Qd7 16. Nxb6 axb6 17. Kh2 Ng6 18. Rg1 Ne5 19. Rg3 Kh8 20. Rdg1 Qe6 21. a4 f5 22. f4 Ng6 23. exf5 Qxf5 24. Qxf5 Rxf5 25. h4 Nxf4 26. Bxf4 Rxf4 27. Rg4 Raxa4 28. Rxf4 Rxf4 29. Kg3 Rc4 30. Rc1 Kg8 0-1

[Event "Winnipeg TNT October op"]
[Site "Winnipeg CAN"]
[Date "2013.10.22"]
[Round "4.5"]
[White "Ma, Derek"]
[Black "Reimer, Bruce"]
[Result "1-0"]
[WhiteElo "1817"]
[BlackElo "1546"]
[PlyCount "71"]
[GameId "2160767909229411"]
[EventDate "2013.10.01"]
[EventType "swiss"]
[EventRounds "5"]
[EventCountry "CAN"]
[SourceTitle "EXT 2022"]
[Source "ChessBase"]
[SourceDate "2021.10.06"]
[SourceVersion "1"]
[SourceVersionDate "2021.10.06"]
[SourceQuality "1"]

1. e4 g6 2. d4 Bg7 3. Nc3 d6 4. Bc4 e6 5. Nf3 a6 6. Bg5 Ne7 7. Qd2 b5 8. Bb3 Bb7 9. d5 b4 10. Ne2 exd5 11. exd5 Bxb2 12. Rb1 Bg7 13. Qxb4 Bc8 14. Qe4 Bf5 15. Qe3 Nd7 16. Ned4 Ne5 17. Nxf5 Nxf5 18. Ba4+ Kf8 19. Nxe5 Bxe5 20. Qxe5 dxe5 21. Bxd8 Rxd8 22. c4 Ke7 23. Rb7 Rc8 24. Ra7 Nd6 25. c5 Ne4 26. d6+ Kd8 27. d7 Rb8 28. c6 Rb1+ 29. Bd1 Rb8 30. Bf3 Nc3 31. Kd2 Nxa2 32. Ra1 Nb4 33. Rb1 Nxc6 34. Bxc6 Rxb1 35. Ra8+ Ke7 36. Rxh8 1-0

[Event "Winnipeg TNT October op"]
[Site "Winnipeg CAN"]
[Date "2013.10.22"]
[Round "4.5"]
[White "Platt, Alex"]
[Black "Magyar, Peter"]
[Result "1-0"]
[WhiteElo "1942"]
[BlackElo "1590"]
[PlyCount "65"]
[GameId "2160767909229412"]
[EventDate "2013.10.01"]
[EventType "swiss"]
[EventRounds "5"]
[EventCountry "CAN"]
[SourceTitle "EXT 2022"]
[Source "ChessBase"]
[SourceDate "2021.10.06"]
[SourceVersion "1"]
[SourceVersionDate "2021.10.06"]
[SourceQuality "1"]

1. d4 e6 2. e4 d5 3. Nd2 Nf6 4. e5 Nfd7 5. Bd3 c5 6. c3 Nc6 7. Ngf3 f6 8. O-O fxe5 9. Nxe5 Ncxe5 10. dxe5 Nxe5 11. Qh5+ Nf7 12. Nf3 g6 13. Bxg6 hxg6 14. Qxg6 Qd6 15. Re1 Ke7 16. g3 Bh6 17. Bg5+ Bxg5 18. Nxg5 Rf8 19. Nh7 Rd8 20. Qf6+ Kd7 21. Qxf7+ Kc6 22. Qf6 Re8 23. Qe5 Bd7 24. Nf6 Qxe5 25. Rxe5 Re7 26. Rae1 Rf8 27. Nxd5 Ree8 28. Nf4 Rf6 29. Nd3 b6 30. f4 c4 31. Nb4+ Kd6 32. R5e4 Bb5 33. Rd4+ 1-0

[Event "Winnipeg TNT October op"]
[Site "Winnipeg CAN"]
[Date "2013.10.22"]
[Round "4.5"]
[White "Roy, Rayan"]
[Black "Korenbaum, Max"]
[Result "1-0"]
[WhiteElo "1512"]
[BlackElo "1190"]
[PlyCount "67"]
[GameId "2160767909229413"]
[EventDate "2013.10.01"]
[EventType "swiss"]
[EventRounds "5"]
[EventCountry "CAN"]
[SourceTitle "EXT 2022"]
[Source "ChessBase"]
[SourceDate "2021.10.06"]
[SourceVersion "1"]
[SourceVersionDate "2021.10.06"]
[SourceQuality "1"]

1. e4 e5 2. Nf3 Nc6 3. d4 exd4 4. Nxd4 Bc5 5. Be3 Nf6 6. Nc3 Nxd4 7. Bxd4 Bxd4 8. Qxd4 O-O 9. Be2 d6 10. Rd1 Bd7 11. O-O Qe7 12. Qd3 Rad8 13. Rfe1 Bc6 14. Bf3 Qe6 15. b3 a6 16. h3 Rfe8 17. Qd4 Re7 18. Re3 Rde8 19. Rde1 Nd7 20. Bg4 Qg6 21. Bf5 Qf6 22. Qd3 Ne5 23. Qd2 Qg5 24. Qd4 Qf6 25. Kf1 Nd7 26. Qd2 Ne5 27. a4 Nd7 28. b4 Ne5 29. Qd3 b6 30. Qd1 Nc4 31. Rf3 Qe5 32. Qc1 Qh2 33. Rg3 d5 34. Ke2 1-0

[Event "Winnipeg TNT October op"]
[Site "Winnipeg CAN"]
[Date "2013.10.22"]
[Round "4.5"]
[White "Wasserman, Leor"]
[Black "Babb, Jeff"]
[Result "1-0"]
[WhiteElo "1943"]
[BlackElo "2166"]
[PlyCount "87"]
[GameId "2160767909229414"]
[EventDate "2013.10.01"]
[EventType "swiss"]
[EventRounds "5"]
[EventCountry "CAN"]
[SourceTitle "EXT 2022"]
[Source "ChessBase"]
[SourceDate "2021.10.06"]
[SourceVersion "1"]
[SourceVersionDate "2021.10.06"]
[SourceQuality "1"]

1. e4 d5 2. exd5 Qxd5 3. Nc3 Qd6 4. Nf3 Nf6 5. d4 c6 6. Bc4 Bg4 7. Be3 Nbd7 8. h3 Bxf3 9. Qxf3 Nb6 10. Bb3 Nbd5 11. Nxd5 Nxd5 12. O-O e6 13. c4 Nf6 14. d5 cxd5 15. Ba4+ Nd7 16. cxd5 e5 17. Rac1 Be7 18. Bc5 Qf6 19. Qg4 Rd8 20. Bxe7 Qxe7 21. Qxg7 Rf8 22. Qxh7 a6 23. Bxd7+ Qxd7 24. Rfd1 Qd6 25. Qh5 Ke7 26. a3 f6 27. b4 Rd7 28. Qf5 Rfd8 29. Rc5 Kf8 30. h4 Rg7 31. Rc8 Rgd7 32. Rxd8+ Rxd8 33. h5 Ke7 34. Qh7+ Kf8 35. h6 Qe7 36. Qh8+ Kf7 37. Qg7+ Ke8 38. Qg8+ Kd7 39. h7 Qf8 40. Qe6+ Kc7 41. Rc1+ Kb8 42. d6 Qh6 43. Rc7 Qh5 44. Qd5 1-0

[Event "Winnipeg TNT October op"]
[Site "Winnipeg CAN"]
[Date "2013.10.29"]
[Round "5"]
[White "Babb, Jeff"]
[Black "Ma, Derek"]
[Result "1-0"]
[WhiteElo "2166"]
[BlackElo "1817"]
[PlyCount "71"]
[GameId "2160767909229415"]
[EventDate "2013.10.01"]
[EventType "swiss"]
[EventRounds "5"]
[EventCountry "CAN"]
[SourceTitle "EXT 2022"]
[Source "ChessBase"]
[SourceDate "2021.10.06"]
[SourceVersion "1"]
[SourceVersionDate "2021.10.06"]
[SourceQuality "1"]

1. f4 Nf6 2. Nf3 Nc6 3. e3 d5 4. b3 e6 5. Bb2 Be7 6. Bb5 a6 7. Bxc6+ bxc6 8. Ne5 Bb7 9. O-O O-O 10. d3 c5 11. Nd2 d4 12. e4 Nd7 13. Nec4 a5 14. a4 Bd6 15. Qe1 e5 16. f5 Be7 17. Nf3 Bf6 18. Nxa5 Qb8 19. g4 Be7 20. g5 f6 21. h4 Kh8 22. Bc1 Ra6 23. Nc4 Nb6 24. Na3 Qe8 25. Nb5 Qd7 26. Bd2 Bc6 27. Na3 Nc8 28. Qg3 Nd6 29. Rae1 Rg8 30. g6 h6 31. Qg4 Qd8 32. Qh5 Bf8 33. Nh2 Nxf5 34. exf5 Qd5 35. Re4 Qd7 36. Ng4 1-0

[Event "Winnipeg TNT October op"]
[Site "Winnipeg CAN"]
[Date "2013.10.29"]
[Round "5.5"]
[White "Boron, Anthony"]
[Black "Swift, Ryne"]
[Result "1/2-1/2"]
[WhiteElo "1950"]
[BlackElo "2017"]
[PlyCount "57"]
[GameId "2160767909229416"]
[EventDate "2013.10.01"]
[EventType "swiss"]
[EventRounds "5"]
[EventCountry "CAN"]
[SourceTitle "EXT 2022"]
[Source "ChessBase"]
[SourceDate "2021.10.06"]
[SourceVersion "1"]
[SourceVersionDate "2021.10.06"]
[SourceQuality "1"]

1. d4 d5 2. c4 e6 3. Nc3 Nf6 4. cxd5 exd5 5. Bg5 Be7 6. e3 O-O 7. Bd3 Be6 8. Nf3 c6 9. a3 Nbd7 10. O-O h6 11. Bh4 Re8 12. Rc1 Rc8 13. Qb3 Qb6 14. Qxb6 Nxb6 15. b4 g5 16. Bg3 Nh5 17. Nd2 Nxg3 18. hxg3 f5 19. Nb3 Nd7 20. Na4 Kg7 21. Nac5 Nxc5 22. Nxc5 Bxc5 23. Rxc5 Re7 24. Rfc1 Rec7 25. b5 Kf6 26. bxc6 Rxc6 27. Rxc6 Rxc6 28. Rxc6 bxc6 29. f3 1/2-1/2